Zelená logistika: trend i nevyhnutnosť

Podiel viny logistických firiem na znečisťovaní a hľadanie nových ekologických ciest v činnosti. Opatrenia nadnárodných spoločností na ochranu životného prostredia. Záujem zákazníkov o zelenú logistiku. Zodpovednosť voči prostrediu. Ekologické nemusí znamenať drahšie.

Uložené v:
Podrobná bibliografia
Hlavný autor: Brezovský, Jozef
Médium: Kapitola
Jazyk:Slovak
Predmet:
Tagy: Pridať tag
Žiadne tagy, Buďte prvý, kto otaguje tento záznam!

MARC

LEADER 00000naa a2200000 4500
001 0249217
005 20181128143411.1
041 0 |a slo 
044 |a CZ 
245 1 0 |a Zelená logistika: trend i nevyhnutnosť  |c Jozef Brezovský 
520 |a Podiel viny logistických firiem na znečisťovaní a hľadanie nových ekologických ciest v činnosti. Opatrenia nadnárodných spoločností na ochranu životného prostredia. Záujem zákazníkov o zelenú logistiku. Zodpovednosť voči prostrediu. Ekologické nemusí znamenať drahšie. 
610 2 0 |a logistika zelená 
610 2 0 |a ochrana prostredia životného 
610 2 0 |a ekológia 
610 2 0 |a emisie 
610 2 0 |a preprava 
610 2 0 |a podnikanie zodpovedné 
100 1 |a Brezovský, Jozef